[Event "FRA-chT4 1415"]
[Site "Champagne Ardenne"]
[Date "2015.04.12"]
[Round "7"]
[White "Hascher, Nicolas"]
[Black "Noizet, Donatien"]
[Result "1-0"]
[WhiteElo "1949"]
[BlackElo "1975"]
[PlyCount "55"]
[EventDate "2014.10.16"]
[EventType "team-tourn"]
[EventRounds "7"]
[EventCountry "FRA"]
[SourceTitle "EXT 2024"]
[Source "ChessBase"]
[SourceDate "2023.10.10"]
[SourceVersion "1"]
[SourceVersionDate "2023.10.10"]
[SourceQuality "1"]

1. d4 d5 2. Nf3 Nf6 3. c4 dxc4 4. Nc3 c6 5. a4 Nd5 6. e4 Nxc3 7. bxc3 b5 8. Ne5 e6 9. Qf3 Qf6 10. Qg3 Bd6 11. Bf4 0-0 12. Be2 Rd8 13. Bg5 Bxe5 14. Bxf6 Bxg3 15. Bxd8 Bd6 16. e5 Bf8 17. axb5 Bb7 18. Bf3 a6 19. bxa6 Bxa6 20. Kd2 Nd7 21. Bc7 Ra7 22. Bd6 c5 23. Ra2 cxd4 24. cxd4 Bxd6 25. exd6 e5 26. Rha1 exd4 27. Rxa6 c3+ 28. Kc2 1-0

[Event "FRA-chT4 1415"]
[Site "Champagne Ardenne"]
[Date "2014.10.12"]
[Round "?"]
[White "Massart, Jeremy"]
[Black "Hascher, Nicolas"]
[Result "1-0"]
[WhiteElo "1880"]
[BlackElo "1949"]
[PlyCount "85"]
[EventDate "2014.10.16"]
[EventType "team-tourn"]
[EventRounds "7"]
[EventCountry "FRA"]
[SourceTitle "EXT 2024"]
[Source "ChessBase"]
[SourceDate "2023.10.10"]
[SourceVersion "1"]
[SourceVersionDate "2023.10.10"]
[SourceQuality "1"]

1. e4 c5 2. c3 d5 3. exd5 Qxd5 4. d4 Nc6 5. Nf3 Bg4 6. Be2 cxd4 7. cxd4 e6 8. Nc3 Bb4 9. 0-0 Qa5 10. Be3 Nge7 11. Qb3 Bxc3 12. bxc3 0-0 13. h3 Bh5 14. Rfe1 b6 15. Bd2 Qd5 16. c4 Qd6 17. Bc3 Rfd8 18. Rad1 Rac8 19. Qb2 f6 20. Rd2 Na5 21. c5 Qc7 22. Bxa5 bxa5 23. Bc4 Rb8 24. Bxe6+ Kf8 25. Qc3 Nd5 26. Bxd5 Rxd5 27. Nh2 Rbd8 28. Nf1 Be8 29. Rc1 Bc6 30. Ne3 Rg5 31. h4 Rh5 32. g3 Qd7 33. d5 Bxd5 34. Rcd1 Qc6 35. Qxa5 Rd7 36. Rxd5 Rhxd5 37. Rxd5 Rxd5 38. Nxd5 Qxd5 39. Qxa7 g5 40. hxg5 Qd1+ 41. Kh2 Qd4 42. Qa8+ Kf7 43. Qf3 1-0

[Event "FRA-chT4"]
[Site "France"]
[Date "2012.10.14"]
[Round "1"]
[White "Hascher, Nicolas"]
[Black "Da Costa, Manuel"]
[Result "1-0"]
[WhiteElo "1958"]
[BlackElo "1886"]
[PlyCount "85"]
[EventDate "2012.10.24"]
[EventType "team-swiss"]
[EventRounds "9"]
[EventCountry "FRA"]
[SourceTitle "EXT 2014"]
[Source "ChessBase"]
[SourceDate "2013.11.20"]
[SourceVersion "1"]
[SourceVersionDate "2013.11.20"]
[SourceQuality "1"]

1. d4 Nf6 2. Nf3 g6 3. c4 Bg7 4. Nc3 a6 5. e4 d6 6. Bg5 h6 7. Be3 Ng4 8. Bf4 0-0 9. h3 e5 10. dxe5 Nxe5 11. Nxe5 dxe5 12. Be3 c6 13. Qb3 b5 14. a4 Qa5 15. Bc5 Re8 16. Bb4 Qb6 17. axb5 Be6 18. c5 Qb7 19. Qa3 cxb5 20. Bxb5 Nc6 21. Bxc6 Qxc6 22. Qa4 Qc8 23. Nd5 Qb7 24. c6 Qc7 25. 0-0 f5 26. Rac1 fxe4 27. Bc5 Qf7 28. Nb6 Rad8 29. Rfd1 Rxd1+ 30. Qxd1 h5 31. Qa4 Bh6 32. Ra1 e3 33. Bxe3 Bxe3 34. fxe3 Qc7 35. Nd7 Kg7 36. Rd1 a5 37. Nc5 Bc8 38. Rd7+ Bxd7 39. cxd7 Re7 40. Qc4 Kh6 41. Qd5 Qd8 42. Qd6 Kh7 43. Ne6 1-0

[Event "FRA-chT3"]
[Site "France"]
[Date "2012.01.15"]
[Round "4"]
[White "Guerin, Antonin"]
[Black "Hascher, Nicolas"]
[Result "1/2-1/2"]
[WhiteElo "1740"]
[BlackElo "1948"]
[PlyCount "30"]
[EventDate "2012.01.20"]
[EventType "team-match"]
[EventRounds "9"]
[EventCountry "FRA"]
[SourceTitle "EXT 2014"]
[Source "ChessBase"]
[SourceDate "2013.11.20"]
[SourceVersion "1"]
[SourceVersionDate "2013.11.20"]
[SourceQuality "1"]

1. d4 Nf6 2. Nf3 g6 3. c4 Bg7 4. Nc3 0-0 5. e4 d6 6. Be2 Nbd7 7. 0-0 c6 8. Be3 Ng4 9. Bd2 Ngf6 10. Be3 Ng4 11. Bd2 e5 12. h3 Ngf6 13. Be3 Re8 14. Rc1 Qc7 15. a3 a6 1/2-1/2

[Event "FRA-chT3"]
[Site "France"]
[Date "2011.11.13"]
[Round "2"]
[White "Djellouli, Hassine"]
[Black "Hascher, Nicolas"]
[Result "1/2-1/2"]
[WhiteElo "2010"]
[BlackElo "1961"]
[PlyCount "64"]
[EventDate "2012.01.20"]
[EventType "team-match"]
[EventRounds "9"]
[EventCountry "FRA"]
[SourceTitle "EXT 2014"]
[Source "ChessBase"]
[SourceDate "2013.11.20"]
[SourceVersion "1"]
[SourceVersionDate "2013.11.20"]
[SourceQuality "1"]

1. d4 Nf6 2. c4 e6 3. g4 d5 4. Bg2 Be7 5. Nc3 h6 6. h3 c6 7. Qb3 Qb6 8. c5 Qc7 9. Nf3 Nbd7 10. 0-0 e5 11. Nxe5 Nxe5 12. dxe5 Qxe5 13. Na4 0-0 14. Qe3 Qe6 15. f4 Re8 16. Qxe6 Bxe6 17. Be3 Bf8 18. Bd4 Ne4 19. f5 Bd7 20. Bxe4 Rxe4 21. e3 f6 22. Nc3 Ree8 23. b4 Rab8 24. Rab1 b6 25. Na4 bxc5 26. Nxc5 Bxc5 27. Bxc5 Re4 28. a3 h5 29. Rf4 Rxf4 30. exf4 hxg4 31. hxg4 a6 32. Re1 Re8 1/2-1/2